| 000 | 00694nam a22002057a 4500 | ||
|---|---|---|---|
| 003 | DO-SdBNP | ||
| 005 | 20230320131454.0 | ||
| 007 | ta | ||
| 008 | 210609b2020 dr a|||| |||| 00| 0 spa d | ||
| 020 | _a9789945621341 | ||
| 040 |
_aDO-SdBNP _bspa _cBNPHU |
||
| 082 | 4 | _222 | |
| 110 | 1 |
_aRepública Dominicana : _bMinisterio de Salud Pública. _978774 |
|
| 245 | 0 | 0 | _aDirectrices para la protección, promoción y apoyo a la lactancia materna en el contexto de la COVID 19 |
| 260 |
_aSanto Domingo : _bMinisterio de Salud Pública. _c2020. |
||
| 300 |
_a24 p. : _biludtraciones ; _c22 cm. |
||
| 504 | _aBibliografía : p. 22-23 | ||
| 590 | _aInventariado, 2021 /LP | ||
| 942 |
_2ddc _cLBS1 |
||
| 999 |
_c49900 _d49900 |
||